[Event "AUT9798"]
[Site "Graz"]
[Date "1998.01.23"]
[Round "6"]
[White "Wells, P."]
[Black "Hickl, J."]
[Result "1/2-1/2"]
[WhiteElo "2530"]
[BlackElo "2565"]
[PlyCount "40"]
[EventDate "1997.10.11"]

1. d4 d6 2. Nf3 Bg4 3. c4 Nd7 4. Nc3 e5 5. g3 Bxf3 6. exf3 Be7 7. Bg2 Ngf6 8.
O-O O-O 9. f4 c6 10. Re1 exd4 11. Qxd4 Re8 12. Bd2 Qb6 13. Qxb6 Nxb6 14. b3
Nfd7 15. Re3 Bf6 16. Rd1 Nc5 17. Ne2 g6 18. Bc3 Be7 19. h4 Bf8 20. g4 Red8
1/2-1/2

[Event "AUT9798"]
[Site "Graz"]
[Date "1998.01.23"]
[Round "6"]
[White "Atlas, V."]
[Black "Rabiega, R."]
[Result "1/2-1/2"]
[WhiteElo "2455"]
[BlackElo "2490"]
[PlyCount "34"]
[EventDate "1997.10.11"]

1. e4 e5 2. Bc4 Nf6 3. d3 c6 4. Nf3 d5 5. Bb3 Bd6 6. Nc3 dxe4 7. Nxe4 Nxe4 8.
dxe4 O-O 9. O-O Bg4 10. Bc4 h6 11. Be2 Qe7 12. Nd2 Be6 13. Nc4 Bc7 14. b3 Rd8
15. Qe1 b5 16. Ne3 Nd7 17. Bg4 Nc5 1/2-1/2

[Event "AUT9798"]
[Site "Graz"]
[Date "1998.01.23"]
[Round "6"]
[White "Herndl, H."]
[Black "Mohr, S."]
[Result "0-1"]
[WhiteElo "2365"]
[BlackElo "2400"]
[PlyCount "80"]
[EventDate "1997.10.11"]

1. d4 d6 2. c4 g6 3. Nc3 Bg7 4. e4 Nd7 5. Nf3 e5 6. Be2 c6 7. O-O Nh6 8. d5 c5
9. Ne1 O-O 10. Nd3 f5 11. f4 Qe7 12. Bf3 exf4 13. Bxf4 g5 14. Bg3 f4 15. Bf2
Ne5 16. Nxe5 Bxe5 17. g4 Bxc3 18. bxc3 Nf7 19. a4 Ne5 20. a5 Rf7 21. Qe2 Qc7
22. Kg2 Bd7 23. h3 Raf8 24. Rh1 Rg7 25. Kf1 Bc8 26. Ke1 b6 27. a6 Qe7 28. Kd2
Qe8 29. Rhe1 Rff7 30. Kc2 h5 31. gxh5 Bxh3 32. h6 Rg6 33. Bh5 Rh7 34. Rh1 Bc8
35. Bxg6 Qxg6 36. Kb3 Rxh6 37. Qe1 Kf7 38. Qg1 g4 39. Rf1 Rxh1 40. Qxh1 Bxa6
0-1

[Event "AUT9798"]
[Site "Graz"]
[Date "1998.01.23"]
[Round "6"]
[White "Thoma, R."]
[Black "Stajcic, N."]
[Result "0-1"]
[WhiteElo "2300"]
[BlackElo "2315"]
[PlyCount "88"]
[EventDate "1997.10.11"]

1. Nf3 d5 2. d4 c6 3. Bf4 Nf6 4. e3 Qb6 5. Qc1 Bf5 6. Bd3 Bxd3 7. cxd3 Qa6 8.
Qd2 Nbd7 9. O-O e6 10. Nc3 Nh5 11. e4 Nxf4 12. Qxf4 Be7 13. Qe3 Nf6 14. Kh1 Rd8
15. Rg1 Ng4 16. Qe1 Qxd3 17. Rd1 Qa6 18. e5 h5 19. h3 Nh6 20. Qd2 Nf5 21. Qf4
h4 22. Rd2 g6 23. Nh2 Rh5 24. Qf3 Kf8 25. Ng4 Kg7 26. a3 b6 27. Ne2 Rhh8 28. b4
Rc8 29. Ne3 Nxe3 30. fxe3 Qxa3 31. Rf1 Rcf8 32. Nf4 Qxb4 33. Rdf2 Bg5 34. Qg4
Qe7 35. Ne2 Bxe3 36. Rf6 Rh5 37. Nf4 Bxf4 38. R1xf4 a5 39. Qf3 a4 40. Qf2 a3
41. Rxh4 Rxh4 42. Qxh4 a2 43. Rxg6+ fxg6 44. Qxe7+ Rf7 0-1

[Event "AUT9798"]
[Site "Graz"]
[Date "1998.01.23"]
[Round "6"]
[White "Ebner, H."]
[Black "Topakian, R."]
[Result "1/2-1/2"]
[WhiteElo "2295"]
[BlackElo "2340"]
[PlyCount "73"]
[EventDate "1997.10.11"]

1. d4 Nf6 2. Nf3 g6 3. c4 Bg7 4. Nc3 d5 5. Bf4 O-O 6. e3 c5 7. dxc5 Qa5 8. Rc1
dxc4 9. Bxc4 Qxc5 10. Bb3 Nc6 11. O-O Qa5 12. Qe2 Nh5 13. Bg5 Bg4 14. Bh4 Qb4
15. Qc4 Bxf3 16. gxf3 Qa5 17. Rfd1 e6 18. Qe4 g5 19. Bg3 Nf6 20. Qa4 Qf5 21.
Kg2 Rac8 22. Qb5 Qxb5 23. Nxb5 Na5 24. Rxc8 Rxc8 25. Nxa7 Ra8 26. Nb5 Nxb3 27.
axb3 h5 28. Nd6 Ra2 29. Be5 Nd5 30. Bxg7 Kxg7 31. Nxb7 Rxb2 32. Rd3 Nb4 33. Rc3
Nd5 34. Rd3 Nb4 35. Rc3 Nd5 36. Rd3 Nb4 37. Rc3 1/2-1/2

[Event "AUT9798"]
[Site "Graz"]
[Date "1998.01.23"]
[Round "6"]
[White "Gaertner, G."]
[Black "Loebler, H."]
[Result "1/2-1/2"]
[WhiteElo "2340"]
[BlackElo "2255"]
[PlyCount "92"]
[EventDate "1997.10.11"]

1. d4 Nf6 2. c4 g6 3. Nc3 Bg7 4. e4 d6 5. h3 O-O 6. Be3 e5 7. d5 Na6 8. Bd3 Nc5
9. Bc2 a5 10. Nge2 Bd7 11. a3 Ne8 12. g4 f5 13. gxf5 gxf5 14. exf5 Qh4 15. Ng3
Qxc4 16. Qe2 Qxe2+ 17. Kxe2 e4 18. Ngxe4 Nxe4 19. Bxe4 Bxf5 20. Bxf5 Rxf5 21.
Rhg1 Kf7 22. Rad1 Nf6 23. Nb5 Rc8 24. Rc1 Ne8 25. Rgd1 Bxb2 26. Rc2 Bf6 27. Bb6
c5 28. Bxa5 Ra8 29. Bc3 Ra4 30. Bxf6 Kxf6 31. Rd3 Rh4 32. Kf1 Re4 33. Nc3 Re7
34. Rb2 Rf4 35. Kg2 Ng7 36. Ne2 Rf5 37. Ng3 Rf4 38. Rb6 Rd7 39. Rdb3 Rd4 40.
Rxb7 Rxb7 41. Rxb7 Rxd5 42. a4 Kg6 43. a5 c4 44. a6 Ra5 45. Rb6 Ne8 46. Ne4 Kf5
1/2-1/2

[Event "AUT9798"]
[Site "Graz"]
[Date "1998.01.23"]
[Round "6"]
[White "Moser, G."]
[Black "Hoelzl, F."]
[Result "1-0"]
[WhiteElo "2355"]
[BlackElo "2440"]
[PlyCount "81"]
[EventDate "1997.10.11"]

1. d4 Nf6 2. Nf3 d6 3. e3 Bg4 4. h3 Bh5 5. Be2 e6 6. b3 d5 7. O-O c6 8. Nbd2 a5
9. a3 Nbd7 10. Bb2 Qb8 11. Ne5 Bxe2 12. Qxe2 Nxe5 13. dxe5 Nd7 14. e4 Bc5 15.
exd5 cxd5 16. c4 dxc4 17. Rfd1 b6 18. Nxc4 Ra7 19. Nd6+ Bxd6 20. Rxd6 O-O 21.
Qb5 Qc7 22. Rc1 Qb7 23. Rcd1 Rd8 24. Rxb6 Qc8 25. Rbd6 h6 26. Bd4 Rb7 27. Qxa5
Re8 28. Be3 Kh7 29. b4 Rc7 30. Qb5 Nf8 31. a4 Ng6 32. a5 Qa8 33. Qd3 Rec8 34.
Bc5 Rxc5 35. bxc5 Qxa5 36. h4 h5 37. Qf3 Kg8 38. Qxh5 Qxc5 39. Rd8+ Rxd8 40.
Rxd8+ Nf8 41. Qd1 1-0

[Event "AUT9798"]
[Site "Graz"]
[Date "1998.01.23"]
[Round "6"]
[White "Horvath, Cs"]
[Black "Casagrande, H."]
[Result "1/2-1/2"]
[WhiteElo "2530"]
[BlackElo "2345"]
[PlyCount "89"]
[EventDate "1997.10.11"]

1. d4 g6 2. e4 c6 3. Nc3 d5 4. h3 dxe4 5. Nxe4 Bg7 6. Nf3 Be6 7. c4 Nf6 8.
Nxf6+ exf6 9. Be2 O-O 10. O-O Na6 11. Be3 Qd6 12. Qd2 Rfd8 13. a3 Qe7 14. Rfe1
Rd7 15. Rad1 Nc5 16. Qc2 Bf5 17. Qc1 Ne4 18. Bd3 Nd6 19. Bf4 Qd8 20. Qc2 Bxd3
21. Rxd3 b5 22. cxb5 cxb5 23. d5 Nc4 24. b3 Ne5 25. Bxe5 fxe5 26. Nxe5 Rxd5 27.
Nc6 Rxd3 28. Nxd8 Raxd8 29. Re8+ Bf8 30. Rxd8 Rxd8 31. Qc6 b4 32. a4 Rd6 33.
Qb5 a6 34. Qb7 Rd3 35. Qxa6 Rxb3 36. a5 Ra3 37. Qb5 b3 38. Kh2 b2 39. Qxb2 Rxa5
40. Qb6 Re5 41. Qb8 Re6 42. h4 Kg7 43. Qb2+ Kg8 44. f4 Re3 45. Qd4 1/2-1/2

[Event "AUT9798"]
[Site "Graz"]
[Date "1998.01.23"]
[Round "6"]
[White "Roth, P."]
[Black "Titz, H."]
[Result "1-0"]
[WhiteElo "2285"]
[BlackElo "2285"]
[PlyCount "62"]
[EventDate "1997.10.11"]

1. e4 c5 2. Nf3 Nc6 3. Bb5 d6 4. d4 cxd4 5. Qxd4 Bd7 6. Bxc6 Bxc6 7. Nc3 Nf6 8.
Bg5 e6 9. O-O-O Be7 10. Rhe1 Qa5 11. h4 O-O 12. Qd3 Rfd8 13. Nd4 a6 14. f4 Rac8
15. g4 h6 16. Bxf6 Bxf6 17. g5 hxg5 18. hxg5 Bxd4 19. Qxd4 e5 20. Qf2 exf4 21.
Qxf4 Qe5 22. Qh4 b5 23. Rh1 g6 24. Rdf1 Qg7 25. Rf2 b4 26. Rfh2 Kf8 27. Nd5
Bxd5 28. exd5 a5 29. Qf4 Qe5 30. Qf6 Qxf6 31. gxf6 Ke8 1-0

[Event "AUT9798"]
[Site "Graz"]
[Date "1998.01.23"]
[Round "6"]
[White "Steflitsch, E."]
[Black "Steiner, G."]
[Result "1-0"]
[WhiteElo "2305"]
[BlackElo "2205"]
[PlyCount "71"]
[EventDate "1997.10.11"]

1. e4 d5 2. exd5 Qxd5 3. Nc3 Qa5 4. d4 c6 5. Nf3 Nf6 6. Ne5 Bf5 7. g4 Be6 8.
Bc4 Nxg4 9. Bxe6 Nxe5 10. Bb3 Ng6 11. d5 cxd5 12. Qxd5 Qxd5 13. Nxd5 Na6 14.
Ba4+ Kd8 15. Bg5 Nc5 16. O-O-O Kc8 17. Be8 f6 18. Be3 e6 19. Bxg6 hxg6 20. Nf4
Rh6 21. Rhg1 g5 22. Bxc5 Bxc5 23. Nxe6 b6 24. Nxc5 bxc5 25. f4 Rxh2 26. fxg5
Kc7 27. gxf6 gxf6 28. Rg7+ Kc6 29. Rf1 Re8 30. Rxf6+ Kb5 31. Rb7+ Ka5 32. Rxa7+
Kb5 33. a4+ Kb4 34. Rb7+ Ka5 35. b3 c4 36. Rb5# 1-0

[Event "AUT9798"]
[Site "Graz"]
[Date "1998.01.23"]
[Round "6"]
[White "Tscholowitsch, C."]
[Black "Schumi, M."]
[Result "1-0"]
[WhiteElo "2215"]
[BlackElo "2245"]
[PlyCount "75"]
[EventDate "1997.10.11"]

1. d4 c5 2. dxc5 e6 3. g3 Bxc5 4. Bg2 d5 5. Nf3 Nf6 6. O-O Nc6 7. e3 O-O 8. c4
e5 9. cxd5 Nb4 10. Nxe5 Nbxd5 11. a3 Be6 12. b4 Qc7 13. Bb2 Bd6 14. Nf3 a5 15.
Nd4 Bd7 16. bxa5 Rxa5 17. Nb3 Ba4 18. e4 Be5 19. Bxe5 Qxe5 20. Qd4 Qxd4 21.
Nxd4 Ne7 22. Nc3 Rd8 23. Nxa4 Rxd4 24. Nc3 Nc6 25. Rab1 Rc4 26. Nd5 Nxe4 27.
Ne3 Rd4 28. Rxb7 h5 29. Re1 Rc5 30. Rc7 g6 31. Nc2 Rxc2 32. Bxe4 Rcc4 33. Bxc6
Rd6 34. Rc8+ Kg7 35. Bb7 Ra4 36. Rc3 Ra7 37. Bc6 Ra6 38. Bb5 1-0

[Event "AUT9798"]
[Site "Graz"]
[Date "1998.01.23"]
[Round "6"]
[White "Pilaj, H."]
[Black "Klug, R."]
[Result "1/2-1/2"]
[WhiteElo "2210"]
[BlackElo "2165"]
[PlyCount "97"]
[EventDate "1997.10.11"]

1. e4 Nf6 2. e5 Nd5 3. d4 d6 4. c4 Nb6 5. exd6 cxd6 6. d5 e5 7. Nc3 Be7 8. Nf3
Bg4 9. Bd3 N6d7 10. h3 Bh5 11. Be3 Na6 12. a3 Nac5 13. Bc2 b6 14. b4 Nb7 15. g4
Bg6 16. Ba4 O-O 17. Bc6 Qc8 18. Qa4 Nb8 19. Nd2 f5 20. gxf5 Bxf5 21. O-O-O Nxc6
22. dxc6 Nd8 23. Nd5 Bf6 24. b5 Ne6 25. f3 Nc5 26. Bxc5 dxc5 27. Ne4 Bxe4 28.
fxe4 Bg5+ 29. Kb1 Rf7 30. Qb3 Qe6 31. Rhg1 h6 32. Qg3 Raf8 33. Qg4 Qxg4 34.
Rxg4 Kh7 35. c7 Rc8 36. h4 Be7 37. Rdg1 Bf8 38. R1g2 Rcxc7 39. Nxc7 Rxc7 40.
Rd2 Be7 41. h5 Bg5 42. Rd5 Rf7 43. a4 Rf1+ 44. Kb2 Rh1 45. Rd7 Rh2+ 46. Kc3
Rh3+ 47. Kc2 Rh2+ 48. Kc3 Rh3+ 49. Kc2 1/2-1/2

[Event "AUT9798"]
[Site "Graz"]
[Date "1998.01.23"]
[Round "6"]
[White "Penz, H."]
[Black "Marciano, D."]
[Result "1/2-1/2"]
[WhiteElo "2390"]
[BlackElo "2470"]
[PlyCount "59"]
[EventDate "1997.10.11"]

1. e4 c5 2. Nf3 e6 3. c3 Nf6 4. e5 Nd5 5. d4 cxd4 6. Bc4 Nb6 7. Bd3 d6 8. Bg5
Be7 9. Bxe7 Qxe7 10. cxd4 Nc6 11. Nc3 dxe5 12. dxe5 Nd5 13. O-O O-O 14. Qa4
Ncb4 15. Rad1 Nxc3 16. bxc3 Nxd3 17. Rxd3 b6 18. Rfd1 Bb7 19. Rd7 Qe8 20. Ng5
h6 21. Ne4 Bxe4 22. Qxe4 Qc8 23. R1d3 Qa6 24. h4 Rac8 25. Rg3 Rc4 26. Qf3 Qa4
27. Rd4 Rxd4 28. cxd4 Qxd4 29. Qf6 g6 30. Rxg6+ 1/2-1/2

[Event "AUT9798"]
[Site "Graz"]
[Date "1998.01.23"]
[Round "6"]
[White "Volkmann, F. K."]
[Black "Dueckstein, A."]
[Result "1/2-1/2"]
[WhiteElo "2395"]
[BlackElo "2330"]
[PlyCount "47"]
[EventDate "1997.10.11"]

1. e4 e6 2. d4 d5 3. Nc3 Bb4 4. e5 c5 5. a3 Bxc3+ 6. bxc3 Ne7 7. Nf3 Nbc6 8. a4
Qa5 9. Bd2 Bd7 10. Bb5 f6 11. c4 Qc7 12. cxd5 Nxd5 13. exf6 gxf6 14. dxc5 O-O-O
15. O-O Rhg8 16. Rb1 e5 17. Kh1 Bg4 18. Qe1 Bxf3 19. gxf3 Nd4 20. Ba5 Qg7 21.
Rg1 Qxg1+ 22. Qxg1 Rxg1+ 23. Rxg1 b6 24. Ba6+ 1/2-1/2

[Event "AUT9798"]
[Site "Graz"]
[Date "1998.01.23"]
[Round "6"]
[White "Bawart, M."]
[Black "Schroll, G."]
[Result "0-1"]
[WhiteElo "2325"]
[BlackElo "2405"]
[PlyCount "82"]
[EventDate "1997.10.11"]

1. g3 f5 2. Nh3 Nf6 3. f3 e5 4. c3 d5 5. d4 Nc6 6. Bg2 exd4 7. cxd4 Bb4+ 8. Nc3
Qe7 9. Nf2 Be6 10. O-O O-O-O 11. a3 Ba5 12. Na4 Nd7 13. b4 Bb6 14. e3 h5 15. h3
g5 16. Bb2 Qd6 17. Bc3 a6 18. Nc5 g4 19. hxg4 fxg4 20. e4 h4 21. e5 Qe7 22.
Nxe6 Qxe6 23. f4 hxg3 24. Nxg4 Rdf8 25. f5 Rxf5 26. Rxf5 Qxf5 27. Ra2 Ndxe5 28.
Nxe5 Qxe5 29. Qg4+ Kb8 30. Re2 Bxd4+ 31. Bxd4 Qxd4+ 32. Qxd4 Nxd4 33. Rd2 Nb5
34. Rxd5 Nxa3 35. Rg5 Rh4 36. Rxg3 Nc2 37. Rg8+ Ka7 38. Rc8 Kb6 39. Rb8 c6 40.
Bxc6 Kxc6 41. Rc8+ Kb5 0-1

[Event "AUT9798"]
[Site "Graz"]
[Date "1998.01.23"]
[Round "6"]
[White "Neulinger, M."]
[Black "Janetschek, K."]
[Result "1/2-1/2"]
[WhiteElo "2310"]
[BlackElo "2305"]
[PlyCount "35"]
[EventDate "1997.10.11"]

1. e4 c5 2. Nf3 e6 3. d4 cxd4 4. Nxd4 a6 5. Nc3 Qc7 6. g3 Nf6 7. Bg2 d6 8. a4
Nc6 9. O-O Be7 10. Re1 O-O 11. h3 Rb8 12. Be3 Na5 13. Qd3 Nc4 14. Bc1 b6 15. b3
Ne5 16. Qe3 Bb7 17. Bb2 Rfe8 18. Rad1 1/2-1/2

[Event "AUT9798"]
[Site "Graz"]
[Date "1998.01.23"]
[Round "6"]
[White "Zoebisch, H."]
[Black "Posch, W."]
[Result "1/2-1/2"]
[WhiteElo "2255"]
[BlackElo "2275"]
[PlyCount "30"]
[EventDate "1997.10.11"]

1. d4 d5 2. c4 Bf5 3. Nf3 e6 4. Nc3 c6 5. Qb3 Qb6 6. c5 Qc7 7. Bf4 Qc8 8. Nh4
Nf6 9. Nxf5 exf5 10. e3 Nbd7 11. Bd3 g6 12. h4 Nh5 13. Ne2 Be7 14. Bh6 Ndf6 15.
Nf4 Ng4 1/2-1/2

[Event "AUT9798"]
[Site "Graz"]
[Date "1998.01.23"]
[Round "6"]
[White "Dizdar, G."]
[Black "Chernin, A."]
[Result "1/2-1/2"]
[WhiteElo "2545"]
[BlackElo "2640"]
[PlyCount "25"]
[EventDate "1997.10.11"]

1. d4 d5 2. c4 c6 3. Nf3 Nf6 4. Nc3 a6 5. c5 Nbd7 6. h3 e6 7. Bf4 b6 8. b4 a5
9. a3 Ba6 10. e3 Bxf1 11. Kxf1 Be7 12. g4 O-O 13. Kg2 1/2-1/2

[Event "AUT9798"]
[Site "Graz"]
[Date "1998.01.23"]
[Round "6"]
[White "Kindermann, S."]
[Black "Duer, A."]
[Result "1-0"]
[WhiteElo "2570"]
[BlackElo "2405"]
[PlyCount "59"]
[EventDate "1997.10.11"]

1. e4 e6 2. d4 d5 3. Nc3 dxe4 4. Nxe4 Nd7 5. Nf3 Ngf6 6. Bd3 Nxe4 7. Bxe4 Nf6
8. Bg5 Be7 9. Bxf6 Bxf6 10. Qd3 h6 11. O-O-O Qd6 12. Qe3 Bd7 13. Ne5 Qb6 14. f4
Bxe5 15. fxe5 Bc6 16. Rhf1 Rd8 17. Rf4 Bxe4 18. Rxe4 O-O 19. Rg4 Kh7 20. Rf1
Qa6 21. Rf3 c5 22. Qe4+ Kh8 23. Rxg7 Kxg7 24. Rg3+ Kh8 25. Qf4 Kh7 26. Rh3 Kg8
27. Rxh6 f6 28. Qg4+ Kf7 29. Rh7+ Ke8 30. Qg6+ 1-0

[Event "AUT9798"]
[Site "Graz"]
[Date "1998.01.23"]
[Round "6"]
[White "Duer, W."]
[Black "Stanec, N."]
[Result "1/2-1/2"]
[WhiteElo "2330"]
[BlackElo "2465"]
[PlyCount "98"]
[EventDate "1997.10.11"]

1. d4 c5 2. c3 e6 3. Nf3 Nc6 4. e4 d5 5. exd5 exd5 6. Be2 Bd6 7. dxc5 Bxc5 8.
O-O Nge7 9. Nbd2 O-O 10. Nb3 Bb6 11. Nbd4 Ng6 12. Be3 Re8 13. Re1 Bc7 14. g3 a6
15. Nxc6 bxc6 16. Nd4 Qf6 17. Qa4 Bd7 18. Qd1 a5 19. Rc1 a4 20. Rc2 Ne5 21. Nf3
Bf5 22. Rc1 Rab8 23. b4 axb3 24. axb3 Ng4 25. Bd4 Qh6 26. Qd2 Rxb3 27. Qxh6
Nxh6 28. Bb5 Rxe1+ 29. Rxe1 Bd7 30. Ba4 Rb7 31. Ne5 Bxe5 32. Rxe5 f6 33. Re1
Nf7 34. f4 Nd6 35. Bc2 Rb2 36. Bd3 Bf5 37. Bf1 Ra2 38. Re7 Ra1 39. Kg2 Be4+ 40.
Kf2 Ra2+ 41. Kg1 Rc2 42. g4 Bf3 43. Bc5 Ne4 44. Re8+ Kf7 45. Re7+ Kg6 46. f5+
Kg5 47. Be3+ Kxg4 48. Rxg7+ Kxf5 49. Bh3+ Ke5 1/2-1/2

[Event "AUT9798"]
[Site "Graz"]
[Date "1998.01.23"]
[Round "6"]
[White "Felsberger, A."]
[Black "Laube, B."]
[Result "1-0"]
[WhiteElo "2375"]
[BlackElo "2280"]
[PlyCount "69"]
[EventDate "1997.10.11"]

1. e4 c5 2. Nf3 d6 3. c3 Nf6 4. Be2 Nbd7 5. d3 g6 6. O-O Bg7 7. Re1 O-O 8. Bf1
b6 9. d4 cxd4 10. cxd4 e5 11. Nc3 Bb7 12. d5 a6 13. a4 Rc8 14. Nd2 Rc5 15. Nc4
Qc7 16. Na3 Rc8 17. Bd2 Qd8 18. Na2 R5c7 19. b3 Qf8 20. Nc4 Rb8 21. f3 a5 22.
Na3 Nc5 23. Nc3 Rd7 24. Be3 Bh6 25. Bf2 Ne8 26. Bb5 Rdd8 27. Nc4 Ba8 28. Rb1
Qe7 29. b4 axb4 30. Rxb4 Qc7 31. Bxe8 Na6 32. Nb5 Qe7 33. Bxf7+ Kxf7 34. Rb2
Nc5 35. a5 1-0

[Event "AUT9798"]
[Site "Graz"]
[Date "1998.01.23"]
[Round "6"]
[White "Fischler, W."]
[Black "Watzka, H."]
[Result "1/2-1/2"]
[WhiteElo "2355"]
[BlackElo "2370"]
[PlyCount "40"]
[EventDate "1997.10.11"]

1. e4 c5 2. Nf3 Nc6 3. d4 cxd4 4. Nxd4 Nf6 5. Nc3 d6 6. Bc4 Qb6 7. Nb3 e6 8.
O-O a6 9. a4 Qc7 10. Be2 b6 11. f4 Be7 12. Be3 O-O 13. Kh1 Rb8 14. Bf3 Rd8 15.
Qe2 Na5 16. Nd2 Nd7 17. Rad1 Bb7 18. Ndb1 Nf6 19. Rfe1 Rbc8 20. Qf2 Nc4 1/2-1/2

[Event "AUT9798"]
[Site "Graz"]
[Date "1998.01.23"]
[Round "6"]
[White "Wittmann, W."]
[Black "Pilz, D."]
[Result "1-0"]
[WhiteElo "2405"]
[BlackElo "2250"]
[PlyCount "119"]
[EventDate "1997.10.11"]

1. e4 e5 2. Nf3 Nc6 3. Bb5 a6 4. Bxc6 dxc6 5. O-O Bg4 6. h3 Bh5 7. g4 Bg6 8.
Nxe5 Bd6 9. Nxg6 hxg6 10. Qf3 Be5 11. Nc3 Ne7 12. Ne2 c5 13. d3 Nc6 14. Kg2 Qd6
15. Bf4 O-O-O 16. Qg3 g5 17. Bxe5 Nxe5 18. f4 gxf4 19. Nxf4 f6 20. b3 Kb8 21.
a4 Rh7 22. Rf2 Rdh8 23. Rh1 Qd7 24. Rff1 c4 25. dxc4 Qd4 26. Re1 Qb2 27. Re2
Rd8 28. Nd5 c6 29. Qc3 Qxc3 30. Nxc3 Rhh8 31. Kg3 a5 32. Rd1 Rxd1 33. Nxd1 Rd8
34. Nf2 Kc7 35. c5 b5 36. cxb6+ Kxb6 37. h4 c5 38. Nh3 c4 39. Nf4 Rd1 40. h5
cxb3 41. cxb3 Rb1 42. Ne6 Rxb3+ 43. Kg2 Nxg4 44. Nxg7 Kc5 45. Nf5 Kc4 46. h6
Kd3 47. h7 Rb8 48. Re1 Rh8 49. Rh1 Ne5 50. Nd6 Kc3 51. Kg3 Kb4 52. Rh6 Kc5 53.
Ne8 Nd7 54. Kf4 Kb4 55. Kf5 Kxa4 56. Nxf6 Nf8 57. e5 Kb5 58. e6 Nxe6 59. Kxe6
a4 60. Rh3 1-0

[Event "AUT9798"]
[Site "Graz"]
[Date "1998.01.23"]
[Round "6"]
[White "Almasi, Z."]
[Black "Ribli, Z."]
[Result "1/2-1/2"]
[WhiteElo "2615"]
[BlackElo "2570"]
[PlyCount "37"]
[EventDate "1997.10.11"]

1. e4 c5 2. Nf3 Nc6 3. d4 cxd4 4. Nxd4 Qc7 5. Nc3 e6 6. Be2 a6 7. O-O Nf6 8.
Be3 d6 9. f4 Be7 10. Qe1 O-O 11. Kh1 Nxd4 12. Bxd4 b5 13. a3 Bb7 14. Qg3 Bc6
15. Rae1 Rae8 16. Bf3 Rd8 17. Nd1 d5 18. e5 Ne4 19. Qh3 1/2-1/2

[Event "AUT9798"]
[Site "Graz"]
[Date "1998.01.23"]
[Round "6"]
[White "Weinzettl, E."]
[Black "Nielsen, P. H."]
[Result "1/2-1/2"]
[WhiteElo "2410"]
[BlackElo "2515"]
[PlyCount "35"]
[EventDate "1997.10.11"]

1. e4 c5 2. Nf3 Nc6 3. d4 cxd4 4. Nxd4 g6 5. Nc3 Bg7 6. Be3 Nf6 7. Nxc6 bxc6 8.
e5 Nd5 9. Nxd5 cxd5 10. Qxd5 Rb8 11. Bc4 O-O 12. O-O Bb7 13. Qc5 d6 14. exd6
exd6 15. Qg5 Qxg5 16. Bxg5 Bxb2 17. Rad1 Rfc8 18. Bb3 1/2-1/2

[Event "AUT9798"]
[Site "Graz"]
[Date "1998.01.23"]
[Round "6"]
[White "Poldauf, D."]
[Black "Plank, F."]
[Result "1/2-1/2"]
[WhiteElo "2455"]
[BlackElo "2260"]
[PlyCount "136"]
[EventDate "1997.10.11"]

1. c4 e6 2. g3 d5 3. Bg2 Nf6 4. Nf3 Bd6 5. O-O O-O 6. d4 c6 7. Qc2 Nbd7 8. Nbd2
Qe7 9. b3 e5 10. dxe5 Nxe5 11. Bb2 Nxf3+ 12. Nxf3 dxc4 13. Qxc4 Ba3 14. Bxa3
Qxa3 15. e4 Be6 16. Qc2 Qe7 17. Nd4 Bd7 18. f4 c5 19. Ne2 Bc6 20. Nc3 c4 21.
bxc4 Qc5+ 22. Kh1 Qxc4 23. Rac1 Rac8 24. Rfe1 Rfd8 25. Qf2 Qd4 26. Qxd4 Rxd4
27. Nb5 Ra4 28. e5 Ne8 29. Bxc6 bxc6 30. Nd6 Rd8 31. Re2 Nxd6 32. exd6 g6 33.
Rd2 Ra6 34. Rc5 Kf8 35. Kg2 f6 36. g4 Ke8 37. g5 Ra4 38. Kf3 Ra3+ 39. Ke4 Ra4+
40. Kf3 Ra3+ 41. Ke4 Ra4+ 42. Ke3 Ra6 43. h4 Kf7 44. f5 Ra3+ 45. Kf2 Ra6 46. a3
Rd7 47. Rd3 Rb6 48. a4 fxg5 49. hxg5 gxf5 50. Rxf5+ Ke6 51. Rf6+ Ke5 52. Re3+
Kd5 53. Re7 Rbb7 54. Re1 Rb4 55. a5 c5 56. Rc1 Kc6 57. Rf5 Rb5 58. a6 Rxd6 59.
Rf7 Rd7 60. Rxd7 Kxd7 61. Rh1 c4 62. Rxh7+ Kc6 63. Rxa7 Rxg5 64. Ke3 Rd5 65.
Ra8 Rd3+ 66. Ke2 Rd7 67. a7 Kb7 68. Rc8 Kxa7 1/2-1/2

[Event "AUT9798"]
[Site "Graz"]
[Date "1998.01.23"]
[Round "6"]
[White "Schneider-Zinner, H."]
[Black "Baumegger, S."]
[Result "1/2-1/2"]
[WhiteElo "2265"]
[BlackElo "2485"]
[PlyCount "54"]
[EventDate "1997.10.11"]

1. d4 Nf6 2. Nf3 e6 3. c4 d5 4. Nc3 Be7 5. Bg5 O-O 6. e3 h6 7. Bxf6 Bxf6 8. Qc2
c5 9. dxc5 Qa5 10. cxd5 exd5 11. Be2 Qxc5 12. O-O Nc6 13. Rac1 Be6 14. Ne4 Qe7
15. Nxf6+ Qxf6 16. Rfd1 Rac8 17. Qc3 Qe7 18. a3 Rfd8 19. Qd2 Bg4 20. h3 Bh5 21.
b4 d4 22. exd4 Bxf3 23. Bxf3 Nxd4 24. Qf4 Rxc1 25. Rxc1 g5 26. Qg3 Rd6 27. Bh5
Rc6 1/2-1/2

[Event "AUT9798"]
[Site "Graz"]
[Date "1998.01.23"]
[Round "6"]
[White "Freitag, M."]
[Black "Stuhlik, M."]
[Result "1-0"]
[WhiteElo "2390"]
[BlackElo "2225"]
[PlyCount "105"]
[EventDate "1997.10.11"]

1. d4 d6 2. c4 g6 3. Nc3 Bg7 4. e4 Na6 5. Be2 c6 6. Nf3 Nh6 7. Bf4 f6 8. Qd2
Nf7 9. O-O e5 10. Be3 Qe7 11. Ne1 O-O 12. Nc2 Nc7 13. d5 c5 14. b4 b6 15. a4 f5
16. f3 f4 17. Bf2 g5 18. a5 Bd7 19. bxc5 bxc5 20. Rfb1 Na6 21. Rb7 Nd8 22. Rb2
Rf6 23. g4 fxg3 24. hxg3 g4 25. fxg4 Rg6 26. Ne3 Bh6 27. Qd1 Bxe3 28. Bxe3 Qg7
29. g5 Qe7 30. Bh5 Rg7 31. Qf3 Nf7 32. Qf6 Qxf6 33. gxf6 Rxg3+ 34. Rg2 Rxg2+
35. Kxg2 Rb8 36. Kf3 Kf8 37. Rg1 Rb3 38. Nd1 Be8 39. Ke2 Nb4 40. Rg3 Ra3 41.
Rg7 Rxa5 42. Rxh7 Ra1 43. Bg4 Nc2 44. Be6 Kg8 45. Rg7+ Kf8 46. Rg6 Nd4+ 47. Kf2
Ra2+ 48. Kg3 Ne2+ 49. Kg4 Ra3 50. Bh6+ Nxh6+ 51. Rxh6 Rg3+ 52. Kh4 Bf7 53. Rh7
1-0

[Event "AUT9798"]
[Site "Graz"]
[Date "1998.01.23"]
[Round "6"]
[White "Hadjieff, D."]
[Black "Postl, A."]
[Result "0-1"]
[WhiteElo "2215"]
[BlackElo "2275"]
[PlyCount "40"]
[EventDate "1997.10.11"]

1. e4 c5 2. Nf3 d6 3. c3 Nf6 4. Be2 Nbd7 5. d3 g6 6. Nbd2 Bg7 7. Qc2 O-O 8. Nf1
b5 9. Ng3 Bb7 10. h4 d5 11. h5 dxe4 12. dxe4 c4 13. hxg6 hxg6 14. e5 Ng4 15. e6
Nde5 16. Ng5 f5 17. f3 Nd3+ 18. Bxd3 cxd3 19. Qb3 Qd6 20. Nf1 Qe5+ 0-1

[Event "AUT9798"]
[Site "Graz"]
[Date "1998.01.24"]
[Round "7"]
[White "Ribli, Z."]
[Black "Wells, P."]
[Result "1-0"]
[WhiteElo "2570"]
[BlackElo "2530"]
[PlyCount "73"]
[EventDate "1997.10.11"]

1. Nf3 c5 2. c4 Nc6 3. Nc3 Nd4 4. g3 Nxf3+ 5. exf3 Nf6 6. d4 e6 7. Bg2 d5 8.
cxd5 Nxd5 9. O-O Nxc3 10. bxc3 Bd6 11. f4 O-O 12. c4 Qb6 13. Be3 Rb8 14. dxc5
Bxc5 15. Rb1 Qc7 16. Bxc5 Qxc5 17. Qa4 a6 18. Rfd1 Qc7 19. Qb4 e5 20. fxe5 Bf5
21. Rbc1 Qxe5 22. c5 Qc7 23. h4 Bd7 24. Rd6 a5 25. Qd2 Bc6 26. Bxc6 bxc6 27.
Rd1 h6 28. Qc3 Rb5 29. R1d4 Qb7 30. Rg4 f5 31. Rgg6 Kh7 32. Qe5 Rb1+ 33. Kg2
Rf7 34. Rxg7+ Rxg7 35. Qxf5+ Kh8 36. Rd8+ Rg8 37. Rd7 {Time} 1-0

[Event "AUT9798"]
[Site "Graz"]
[Date "1998.01.24"]
[Round "7"]
[White "Rabiega, R."]
[Black "Weinzettl, E."]
[Result "1/2-1/2"]
[WhiteElo "2490"]
[BlackElo "2410"]
[PlyCount "93"]
[EventDate "1997.10.11"]

1. e4 e6 2. d4 d5 3. Nc3 Nf6 4. e5 Nfd7 5. f4 c5 6. Nf3 Nc6 7. Be3 Qb6 8. Na4
Qa5+ 9. c3 b6 10. Bd2 c4 11. b4 Nxb4 12. cxb4 Bxb4 13. Rc1 Bxd2+ 14. Nxd2 b5
15. Nc3 b4 16. Qa4 Qb6 17. Nb5 O-O 18. Nf3 Nb8 19. Nd6 Bd7 20. Qd1 Nc6 21. Be2
f6 22. g3 a5 23. O-O fxe5 24. fxe5 Nxe5 25. Nxe5 Qxd6 26. Bh5 Be8 27. Rxf8+
Qxf8 28. Bg4 Ra6 29. Qe2 Qe7 30. Qb2 Rb6 31. a3 Qg5 32. axb4 Qe3+ 33. Kg2 h5
34. Bf3 Rxb4 35. Qc3 Qxc3 36. Rxc3 Rb2+ 37. Kh3 Rd2 38. Ra3 a4 39. Kh4 g6 40.
Kg5 Kg7 41. g4 Rxh2 42. Bd1 hxg4 43. Nxg4 Rh5+ 44. Kf4 Rf5+ 45. Ke3 g5 46. Bxa4
Rf4 47. Bxe8 1/2-1/2